Artxibistikan sarrera = Introducción a la archivística / Olga Gallego Domínguez, Pedro López Gómez
Descripción Física:
121 p. ; 24 cm
Colección:
Ikerlanak ; 1
Otros Autores:
López Gómez, Pedro
Materias:
Arxivística
MARC
| LEADER | 00000nam a2200000Ia 4500 | ||
|---|---|---|---|
| 001 | 9883 | ||
| 008 | 160829s1989 xx 000 0 cat d | ||
| 080 | |a A-1-264 | ||
| 100 | |a Gallego Domínguez, Olga |9 37538 | ||
| 245 | |a Artxibistikan sarrera = Introducción a la archivística / Olga Gallego Domínguez, Pedro López Gómez | ||
| 260 | |a Vitoria = Gasteiz : |b Servicio Central de Publicaciones. Gobierno Vasco, |c 1989 | ||
| 300 | |a 121 p. ; |c 24 cm | ||
| 490 | |a Ikerlanak ; 1 | ||
| 590 | |a Text en euskera i castellà. A la part superior de la portada: Kultura eta Turismo Saila Eusko Jaurlaritza = Departamento de Cultura y Turismo. Gobierno Vasco | ||
| 650 | |a Arxivística |9 36557 | ||
| 700 | |a López Gómez, Pedro |9 20961 | ||
| 901 | |a Arxiu | ||
| 942 | |n 1 | ||
| 952 | |0 0 |1 0 |4 0 |6 A1264 |7 1 |9 43219 |a Arxiu |b Arxiu |d 2016-12-01 |l 0 |o A-1-264 |p 9883 |r 2016-12-01 00:00:00 |w 2016-12-01 |y ARXIU | ||
| 999 | |c 45763 |d 45763 | ||